000 00588cam a22002053a 4500
001 44559
003 PGUSA
005 20140828084022.0
008 140101s2014||||xxu|||||s|||||000 | eng d
040 _aPGUSA
_beng
042 _adc
100 1 _aBlavatsky, H. P.
_q(Helena Petrovna),
_d1831-1891
245 1 0 _aNightmare Tales
_h[electronic resource] /
_cH. P. Blavatsky
260 _bProject Gutenberg,
_c2014
506 _aPublic domain in the USA.
516 _aElectronic text
830 0 _aProject Gutenberg
_v44559
856 4 0 _uhttp://www.gutenberg.org/ebooks/44559
942 _cEB
999 _c273810
_d273810